Osnovy magnitnoj optiki pučkov zariaženych častic

Gespeichert in:
Bibliographische Detailangaben
Hauptverfasser: Kartašev, Vadim P. (Verfasst von), Kotov, Vladilen I. (Verfasst von)
Format: Buch
Sprache:Russisch
Veröffentlicht: Moskva : Energoatomizdat, 1984
Tags: Tag hinzufügen
Keine Tags, Fügen Sie das erste Tag hinzu!

MARC

LEADER 00000nam a22000003a 4500
001 stu126692
005 20150617225904.1
008 060920s1984----xxr-----------------rus-d
040 |a STU  |b slo 
041 0 |a rus 
044 |a xxr 
080 |a 537.632 
100 1 |a Kartašev, Vadim P.  |4 aut 
245 1 |a Osnovy magnitnoj optiki pučkov zariaženych častic 
260 |a Moskva :  |b Energoatomizdat,  |c 1984 
300 |a 151 s 
700 1 |a Kotov, Vladilen I.  |4 aut 
996 |b E56725  |c E*56725  |l EE10  |s P  |a 0  |w stu126692_0001